Životné minimum od 1.7.2016

Vývoj životného minima od roku 2009. Podmienky nároku na predčasný dôchodok. Minimálny dôchodok. Sociálne dávky odvíjajúce sa od životného minima.

Na minha lista:
Detalhes bibliográficos
Autor principal: Paliderová, Martina
Formato: Capítulo de Livro
Idioma:eslovaco
Assuntos:
Tags: Adicionar Tag
Sem tags, seja o primeiro a adicionar uma tag!

MARC

LEADER 00000naa a2200000 4500
001 0221763
005 20231114112904.9
041 0 |a slo 
044 |a SK 
245 1 0 |a Životné minimum od 1.7.2016  |c Martina Paliderová 
520 |a Vývoj životného minima od roku 2009. Podmienky nároku na predčasný dôchodok. Minimálny dôchodok. Sociálne dávky odvíjajúce sa od životného minima. 
610 2 0 |a minimum existenčné 
610 2 0 |a dávky sociálne 
610 2 0 |a Slovensko 
610 2 0 |a 2016 
100 1 |a Paliderová, Martina